A Szlovák munkaerőpiac aktuális helyzete és a sociális gazdaság
Problematika nezamestnanosti v SR. Miera nezamestnanosti v SR v období rokov 2001-2010. Štrukturálne problémy trhu práce v SR. Miera a počet dlhodobo nezamestnaných v rokoch 2015 a 2016. Sociálny podnik a sociálne podnikanie. Podpora sociálneho podnikania samosprávou obce.
Salvato in:
| Autore principale: | |
|---|---|
| Natura: | Capitolo di libro |
| Lingua: | ungherese |
| Soggetti: | |
| Tags: |
Nessun Tag, puoi essere il primo ad aggiungerne!!
|
MARC
| LEADER | 00000nla a2200000 4500 | ||
|---|---|---|---|
| 001 | 0240720 | ||
| 005 | 20240502083645.6 | ||
| 041 | 0 | |a hun | |
| 044 | |a HU | ||
| 245 | 1 | 0 | |a A Szlovák munkaerőpiac aktuális helyzete és a sociális gazdaság |c Eva Pongrácz |
| 520 | |a Problematika nezamestnanosti v SR. Miera nezamestnanosti v SR v období rokov 2001-2010. Štrukturálne problémy trhu práce v SR. Miera a počet dlhodobo nezamestnaných v rokoch 2015 a 2016. Sociálny podnik a sociálne podnikanie. Podpora sociálneho podnikania samosprávou obce. | ||
| 610 | 2 | 0 | |a trh práce |
| 610 | 2 | 0 | |a nezamestnanosť |
| 610 | 2 | 0 | |a miera nezamestnanosti |
| 610 | 2 | 0 | |a podnik sociálny |
| 610 | 2 | 0 | |a podnikanie sociálne |
| 610 | 2 | 0 | |a samospráva |
| 610 | 2 | 0 | |a Slovensko |
| 100 | 1 | |a Pongrácz, Eva, 1971- | |